[Event "2nd Silman TNM: 2000+"]
[Site "San Francisco"]
[Date "2025.05.20"]
[Round "3.12"]
[White "Sankar, Arjun"]
[Black "Paragiri, Reyansh"]
[Result "1/2-1/2"]
[Annotator "Winslow,Elliott"]
[WhiteElo "1905"]
[BlackElo "2015"]
[PlyCount "131"]
[GameId "2180539581698297"]
[EventDate "2025.??.??"]

1. c4 e6 2. Nc3 d5 3. d4 c6 4. e3 f5 5. Nf3 Nf6 6. Bd3 Bd6 7. a3 O-O 8. b4 Ne4 9. Ne2 Nd7 10. Qb3 Ndf6 11. h3 Bd7 12. a4 g5 13. Ne5 b6 {[#]} 14. f3 Qe7 15. Ba3 c5 16. fxe4 fxe4 17. Bc2 cxb4 18. Bb2 dxc4 19. Nxc4 b5 20. axb5 Bxb5 21. Ra5 a6 {[#]} 22. d5 Bxc4 23. Qxc4 Rac8 24. Qb3 Qc7 25. Rxa6 Bg3+ 26. Kd2 Nxd5 27. Bd4 Rf2 28. Ra7 Rxe2+ 29. Kxe2 Qxc2+ 30. Qxc2 Rxc2+ 31. Kd1 {[#]} Rf2 32. Rg7+ Kf8 33. Rxg5 Bd6 34. Ke1 Ra2 35. Rf1+ Ke8 36. Rg8+ Kd7 37. Rf7+ Be7 38. Kd1 Kc6 39. Rb8 Rxg2 40. Rxh7 Bd6 41. Rbb7 e5 42. Ba7 Ra2 43. Kc1 Bc7 44. Rbxc7+ Nxc7 45. Bb8 Nd5 46. Rh4 b3 47. Bxe5 Rc2+ 48. Kb1 Nxe3 49. Rxe4 Nc4 50. Rxc4+ Rxc4 51. Kb2 Rb4 52. Bc3 Rh4 53. Kxb3 Rxh3 54. Kc4 Kd6 55. Bb4+ Ke5 56. Bc5 Ke4 57. Bb4 Ke5 58. Bc3+ Ke4 59. Bb4 Rh8 60. Kc3 Rc8+ 61. Kb3 Kd5 62. Be1 Rc1 63. Bg3 Ra1 64. Bf4 Rb1+ 65. Kc2 Rb4 66. Bg3 1/2-1/2

[Event "2nd Silman TNM: 2000+"]
[Site "San Francisco"]
[Date "2025.05.20"]
[Round "3.13"]
[White "Gaffagan, Steven"]
[Black "Horowitz, Phineas F"]
[Result "1-0"]
[WhiteElo "1956"]
[BlackElo "1921"]
[PlyCount "103"]
[GameId "2180539581698298"]
[EventDate "2025.??.??"]

1. e4 c5 2. Nf3 d6 3. Nc3 Nf6 4. d4 cxd4 5. Nxd4 Nc6 6. Bg5 e5 7. Nf5 Bxf5 8. exf5 Be7 9. g3 O-O 10. h4 Qa5 11. Bxf6 Bxf6 12. Qd5 Qb4 13. O-O-O e4 14. Qb3 Bxc3 15. Qxc3 Qxc3 16. bxc3 Rfd8 17. Bc4 Ne7 18. g4 Rac8 19. Bb3 d5 20. c4 dxc4 21. Rxd8+ Rxd8 22. Bxc4 h6 23. Re1 Rd4 24. Bf1 Nd5 25. Bg2 Nc3 26. Kb2 Nd1+ 27. Kb3 Nxf2 28. c3 Rd7 29. Re2 Nxg4 30. Rxe4 Nf6 31. Rc4 b6 32. Rc8+ Kh7 33. Bf1 Rd5 34. Rc7 Rxf5 35. Bd3 Kg6 36. Rxa7 Nd5 37. Bxf5+ Kxf5 38. Rxf7+ Kg6 39. Rd7 Nf6 40. Rb7 Nd5 41. c4 Ne3 42. Rxb6+ Kh5 43. a4 Kxh4 44. a5 h5 45. Rg6 Kh3 46. a6 h4 47. a7 Kh2 48. a8=Q h3 49. Qa2+ Ng2 50. Rxg7 Kh1 51. Rxg2 hxg2 52. Qxg2+ 1-0

[Event "2nd Silman TNM: 2000+"]
[Site "San Francisco"]
[Date "2025.05.20"]
[Round "3.14"]
[White "Smith, Roger Christopher"]
[Black "Viadiu-Ilarraza, Hector"]
[Result "0-1"]
[Annotator "Winslow,Elliott"]
[WhiteElo "1826"]
[BlackElo "1937"]
[PlyCount "71"]
[GameId "2180539581698299"]
[EventDate "2025.??.??"]

{[%evp 0,64,12,32,19,22,31,19,-35,0,59,48,34,45,57,80,52,54,46,46,37,45,-3,40,42,29,18,-3,-20,-9,25,25,25,18,29,36,-32,-4,0,-13,-16,-40,-103,-76,-103,-79,-73,-59,7,132,-47,142,118,68,-35,18,-22,-32,2,24,-191,-4,-47,7,-101,10,7]} 1. e4 e6 2. d4 d5 3. Nc3 Nf6 4. e5 Ng8 {[#]} 5. Nce2 Bd7 6. Nf3 Bb5 7. c3 c5 8. Be3 Nd7 9. g3 Ne7 10. a4 cxd4 11. cxd4 Ba6 12. b4 Bc4 13. b5 a6 14. Nc3 Bxf1 15. Kxf1 Nf5 16. Bd2 Nb6 17. bxa6 bxa6 18. Rb1 Be7 19. Kg2 O-O 20. Qe2 Nc4 21. Bf4 Qa5 22. Qd3 Rfc8 23. Rb3 Bb4 {[#]} 24. Nxd5 Qxd5 25. Rxb4 g5 26. Bxg5 Nxe5 27. Qd1 Nc6 28. Rb2 Nfxd4 29. Bf6 e5 30. Re1 Re8 31. Re3 Re6 32. Bh4 Na5 33. Rb4 Nc4 34. Rxc4 Qxc4 35. Nxd4 Qxd4 36. Qh5 {and White lost on time.} 0-1

[Event "2nd Silman TNM: 2000+"]
[Site "San Francisco"]
[Date "2025.05.20"]
[Round "3.15"]
[White "Mercado, Adam"]
[Black "Zavgorodniy, Andrew"]
[Result "1-0"]
[WhiteElo "1958"]
[BlackElo "1937"]
[PlyCount "37"]
[GameId "2180539581698300"]
[EventDate "2025.??.??"]

1. e4 c5 2. Nf3 e6 3. d4 cxd4 4. Nxd4 Nf6 5. Nc3 Nc6 6. Be3 Bb4 7. Bd3 d5 8. Nxc6 bxc6 9. exd5 cxd5 10. O-O O-O 11. Bd4 Re8 12. Bb5 Re7 13. Bxf6 gxf6 14. Qg4+ Kh8 15. Qxb4 Rb8 16. Qf4 e5 17. Qxf6+ Kg8 18. Rad1 Rb6 19. Nxd5 1-0

[Event "2nd Silman TNM: 1600-1999"]
[Site "San Francisco"]
[Date "2025.05.20"]
[Round "3.16"]
[White "Admassu, Yonathan"]
[Black "Delateur, Nicholas Andrew"]
[Result "1-0"]
[Annotator "Winslow,Elliott"]
[WhiteElo "1661"]
[BlackElo "1674"]
[PlyCount "81"]
[GameId "2180539581698301"]
[EventDate "2025.??.??"]

1. d4 c5 2. dxc5 e6 3. Nd2 Bxc5 4. Ne4 Qb6 5. Nxc5 Qxc5 6. Be3 Qe7 7. Qd2 Nf6 8. f3 Nc6 9. Bf2 d5 10. e3 Bd7 11. Ne2 a6 12. a4 Rc8 13. Nc1 e5 14. Be2 e4 15. c3 O-O 16. a5 Ne5 17. f4 Nc4 18. Bxc4 Rxc4 19. h3 Rfc8 20. g4 Qd6 21. Ne2 R4c5 22. Bg3 Bb5 23. b4 R5c6 24. f5 Qd7 25. Be5 Bd3 26. Nf4 {[#]} d4 27. Bxd4 Nd5 28. Nxd5 Qxd5 29. f6 g6 30. Qf2 Re6 31. Qh4 h5 32. Rg1 Kf8 33. gxh5 gxh5 34. Rg5 Qb3 35. Qxh5 Ke8 36. Rd5 Qxd5 37. Qxd5 Rcc6 38. Bb6 Red6 39. Qe5+ Re6 40. Qb8+ Kd7 41. Qd8# 1-0

[Event "2nd Silman TNM: 1600-1999"]
[Site "San Francisco"]
[Date "2025.05.20"]
[Round "3.17"]
[White "Marvin, Hayes Alexander"]
[Black "Yan, Rayna"]
[Result "1-0"]
[Annotator "Winslow,Elliott"]
[WhiteElo "1919"]
[BlackElo "1681"]
[PlyCount "129"]
[GameId "2180539581698302"]
[EventDate "2025.??.??"]

{[%evp 0,129,9,23,20,23,34,15,13,5,5,0,-3,1,9,5,6,0,0,-16,-4,-34,-13,-36,-23,-25,3,-82,3,4,147,48,144,-63,221,195,133,166,64,253,131,171,23,280,294,42,290,128,242,327,145,326,356,306,286,-45,339,352,374,420,407,346,307,193,115,221,221,252,222,260,280,213,281,224,310,187,372,296,363,402,428,329,441,336,379,461,274,489,476,490,503,262,504,347,508,347,536,558,383,522,552,582,566,532,369,525,389,431,540,437,533,466,559,564,557,554,568,328,362,506,534,575,610,656,672,820,866,898,1070,1101,1274,1291]} 1. d4 Nf6 2. Nf3 g6 3. c3 Bg7 4. Bg5 d5 5. Nbd2 O-O 6. e3 Bf5 7. Be2 Nbd7 8. O-O c5 9. Nh4 ({Relevant:} 9. a4 h6 10. Bh4 g5 11. Bg3 Ne4 12. Nxe4 Bxe4 13. Nd2 Bg6 14. Qb3 e6 15. Qxb7 c4 16. b3 cxb3 17. Qxb3 Qa5 18. Rfc1 e5 19. Qb5 Qc7 20. Qxd5 Nb6 21. Qb5 Rfe8 22. a5 Nd7 23. Nc4 Rab8 24. Qd5 Nf6 25. Qd6 Qc8 26. Bxe5 Qf5 27. Bxf6 Bxf6 28. Qg3 Red8 29. h3 h5 30. f4 h4 31. Qf3 gxf4 32. exf4 Rbc8 33. Ne5 Bh7 34. Bd3 Qe6 35. Bxh7+ Kxh7 36. Qh5+ Kg8 37. Kh1 Rd5 38. Qf3 Bxe5 {Kamsky,G (2657)-Fishbein,A (2458) Chess.com INT 2022 1-0}) 9... Be6 10. Bd3 h6 11. Bxf6 Bxf6 12. Nhf3 {[#]} cxd4 $146 ({Predecessor:} 12... a6 13. Qe2 Qb6 14. Rab1 Rfc8 15. h3 Bg7 16. Rfe1 Rc7 17. g4 Qd6 18. Rbd1 Qb6 19. Rb1 Qd6 20. a4 Rb8 21. Ra1 Nf8 22. a5 Rd8 23. Rad1 Bc8 24. Bc2 b5 25. Nb3 c4 26. Nbd2 Ne6 27. Qf1 b4 28. Ra1 Bd7 29. Qg2 Rb8 30. Qh2 bxc3 31. bxc3 Rb2 32. Rec1 Rcb7 33. e4 Bc6 34. e5 Qc7 35. h4 R7b5 36. Ne1 Rxa5 37. f4 Rba2 38. Rxa2 Rxa2 39. Qf2 Nf8 40. f5 a5 41. Ng2 Qb8 42. fxg6 {Vicoli,G (2239)-Lukasova,A (2237) ICCF email 2019 ½-½ (69)}) 13. exd4 Rc8 14. Re1 {[#]} Nb6 $4 15. Bxg6 $18 Nd7 16. Bc2 Kh8 17. Nb3 Rg8 18. Qd3 Rg7 19. Qd2 Bg5 20. Nxg5 hxg5 21. Re3 b6 22. Rg3 f6 23. Re1 Nf8 24. h4 g4 25. Nc1 Qd7 26. Ne2 Bf5 27. Nf4 Ng6 28. Nxg6+ Bxg6 29. Qh6+ Bh7 30. Qh5 Qe8 31. Qxe8+ Rxe8 32. Bxh7 Kxh7 33. Rge3 Rf7 34. g3 Kg7 35. Re6 Kf8 36. Rc6 Rg7 37. Ree6 Ra8 38. Rc7 Rf7 39. Rd7 Ke8 40. Rxd5 Rd8 41. Rxd8+ Kxd8 42. Re4 f5 43. Re5 Kd7 44. Kf1 e6 45. Ke2 Kd6 46. Ke3 Rf6 47. Kf4 Rg6 48. d5 exd5 49. Rxf5 Rg7 50. h5 Ke6 51. Rg5 Rf7+ 52. Kxg4 Rxf2 53. h6 Rf8 54. Kh5 Rh8 55. Rg7 a5 56. g4 b5 57. a3 b4 58. axb4 axb4 59. g5 bxc3 60. bxc3 Kf5 61. Rf7+ Ke6 62. Kg6 Rg8+ 63. Rg7 Rh8 64. h7 Ke5 65. Rg8 1-0

[Event "2nd Silman TNM: 1600-1999"]
[Site "San Francisco"]
[Date "2025.05.20"]
[Round "3.18"]
[White "Babayan, Gagik"]
[Black "Ploquin, Phil"]
[Result "0-1"]
[WhiteElo "1725"]
[BlackElo "1637"]
[PlyCount "108"]
[GameId "2180539581698303"]
[EventDate "2025.??.??"]

1. e4 e5 2. Nf3 Nf6 3. d4 Nxe4 4. Bd3 d5 5. Nxe5 Nd7 6. O-O Be7 7. Re1 Nxe5 8. dxe5 Nc5 9. Be2 Be6 10. Be3 c6 11. c3 Bf5 12. Nd2 Qc7 13. f4 O-O 14. Nf3 Rfd8 15. h3 Qd7 16. Kh2 Ne6 17. Nd4 Be4 18. Nxe6 Qxe6 19. b4 b6 20. Bg4 Bf5 21. Bf3 Rac8 22. Qb3 Rc7 23. Red1 Qg6 24. Rd2 Be4 25. Bf2 h5 26. Rc1 Qf5 27. Be3 c5 28. g4 hxg4 29. Bxg4 Qh7 30. a3 cxb4 31. axb4 f5 32. exf6 Bxf6 33. Be6+ Kh8 34. Bxd5 Bf5 35. Bg2 Rxd2 36. Bxd2 Re7 37. Qd5 Rd7 38. Re1 Rxd5 39. Re8+ Qg8 40. Rxg8+ Kxg8 41. Bxd5+ Kf8 42. Kg3 Ke7 43. Bg2 Kd6 44. Kf2 a5 45. bxa5 bxa5 46. c4 a4 47. Bb4+ Kc7 48. c5 Bb2 49. Ba5+ Kc8 50. Bd5 Bd4+ 51. Kg3 Bxc5 52. Bc3 g6 53. Ba2 Be3 54. h4 Bc1 {White lost on time} 0-1

[Event "2nd Silman TNM: 1600-1999"]
[Site "San Francisco"]
[Date "2025.05.20"]
[Round "3.20"]
[White "Smith, Robert H"]
[Black "Boyer, John"]
[Result "1/2-1/2"]
[WhiteElo "1725"]
[BlackElo "1669"]
[PlyCount "107"]
[GameId "2180539581698304"]
[EventDate "2025.??.??"]

{[%evp 0,107,12,28,16,20,13,-7,-102,-33,-17,-16,-6,-7,-7,0,-5,-10,2,1,-3,1,34,-16,20,0,-11,-11,4,12,12,10,17,-10,-28,7,24,-1,-50,0,-41,-8,-67,-20,-25,4,31,-159,-8,-26,-12,-23,0,6,1,-3,14,-26,1,24,-6,1,1,79,-27,-8,18,-78,12,-58,-130,-66,-146,-141,-34,-43,26,1,24,1,1,-1,1,-1,16,-1,1,-1,-1,1,95,179,94,89,131,202,140,233,118,142,121,97,104,138,141,130,120,127,135,121]} 1. e4 c5 2. Nc3 Nc6 3. g3 g6 4. Bg2 Bg7 5. Nge2 d6 6. O-O e5 7. d3 Nge7 8. Bg5 f6 9. Be3 O-O 10. Qd2 (10. f4 Nd4 11. Qd2 Bg4 12. h3 Be6 13. Kh2 Qd7 14. Rae1 Rac8 15. a4 a6 16. a5 Rce8 17. b3 Qc7 18. Na4 Nc8 19. b4 Qc6 20. Nb2 Qb5 21. c4 Qd7 22. Rb1 f5 23. bxc5 dxc5 24. exf5 Bxf5 25. Nc3 exf4 26. Bxf4 Nb3 27. Qc2 Bxc3 28. Bd5+ Be6 29. Bxe6+ Rxe6 30. Nd1 Nd2 31. Nxc3 Nxf1+ 32. Rxf1 g5 33. Nd5 gxf4 34. gxf4 Ne7 {0-1 (34) Languidey,S (2403)-Cubas,J (2469) Florianopolis 2022}) 10... Nd4 11. Kh1 {[#]} Rb8 $146 (11... Be6 12. Nd5 f5 13. Bg5 Bxd5 14. exd5 Nxe2 15. Qxe2 h6 16. Bd2 Qb6 17. Rab1 Rae8 18. c4 Qa6 19. b4 b6 20. b5 Qc8 21. f4 Kh7 22. Rbe1 Ng8 23. Qf3 Re7 24. Re2 Rfe8 25. Rfe1 Qd7 26. Bc1 exf4 27. Bxf4 g5 28. Bd2 Rxe2 29. Rxe2 Rxe2 30. Qxe2 Qe7 31. Qf2 Qe5 32. h3 Ne7 33. Kh2 Qb2 34. Qe1 Be5 35. a4 Qa3 36. Qe2 Kg6 37. Bf3 Qb2 38. Kg2 Kf6 39. Bh5 Ng6 40. Be3 Qxe2+ 41. Bxe2 {Meissner,W (2017)-Vaerst,J (1894) Troisdorf 2002 1-0 (70)}) 12. a4 a6 13. a5 Nec6 14. Bxd4 cxd4 15. Nd5 Bg4 16. Ng1 Be6 17. Nb6 Na7 18. Bh3 Bxh3 19. Nxh3 Nc8 20. Nd5 Ne7 21. Nxe7+ Qxe7 22. c4 dxc3 23. Qxc3 Qd7 24. Kg2 Rfc8 25. Qb3+ Kh8 26. Rfc1 Bh6 27. Rc4 Rxc4 28. dxc4 Qc6 29. Qd3 f5 30. f3 fxe4 31. fxe4 b5 32. axb6 Rxb6 33. b3 Qb7 34. Rb1 a5 35. Qd5 Qxd5 36. cxd5 Rb4 37. Ra1 Rxb3 38. Rxa5 Rb2+ 39. Kh1 Be3 40. Ra8+ Kg7 41. Rd8 Bc5 42. Ng5 Kh6 43. Nf7+ Kh5 44. h3 Bf2 45. Rh8 g5 46. Nxd6 Bxg3 47. Nf5 Bf4 48. Rxh7+ Kg6 49. Rh6+ Kf7 50. d6 Rd2 51. Rh7+ Kg6 52. Rh6+ Kf7 53. Rh7+ Kg6 54. Rh6+ 1/2-1/2

[Event "2nd Silman TNM: 1600-1999"]
[Site "San Francisco"]
[Date "2025.05.20"]
[Round "3.21"]
[White "Tam, Hoa Long"]
[Black "Prasad, Thejas"]
[Result "1-0"]
[Annotator "Tam,Hoa-Long"]
[WhiteElo "1564"]
[BlackElo "1758"]
[PlyCount "97"]
[GameId "2180682559502853"]
[EventDate "2025.??.??"]

{[%evp 0,97,12,21,24,19,19,6,6,15,13,0,23,0,41,38,79,101,107,153,151,67,81,73,97,113,113,127,287,337,282,298,371,386,476,453,471,427,423,423,423,320,342,356,367,421,390,240,42,230,227,45,46,161,60,54,1,-18,-18,-9,16,20,23,-16,51,-48,1,-79,21,1,0,-10,409,413,657,516,566,553,688,663,673,683,618,701,791,611,692,869,1043,945,1088,1266,1287,1350,29991,1224,29981,1405,29987,29988]} 1. e4 e5 2. Nf3 Nc6 3. Bc4 Bc5 4. c3 Nf6 5. d4 exd4 6. e5 Ne4 7. Bd5 f5 8. cxd4 Be7 9. Nc3 d6 10. e6 $146 (10. Nxe4 fxe4 11. Bxe4 dxe5 12. d5 $16) 10... Nb4 11. Qa4+ c6 12. Qxb4 Nxc3 13. bxc3 cxd5 14. Qb5+ Kf8 15. Qxd5 g6 16. Bh6+ Ke8 (16... Kg8 17. Ng5 $18) 17. Qb5+ Bd7 18. Qxd7+ Qxd7 19. exd7+ Kxd7 20. d5 Bf6 21. Rc1 Rhe8+ 22. Kd2 Re4 23. Ng5 $6 (23. c4 $18) (23. Rhe1 $18) 23... Rh4 24. Nf7 Ke7 25. g3 $6 (25. Bg5 $1 $18) 25... Rh5 26. Bf4 (26. Ng5 $1 Rxh6 (26... Bxg5+ 27. Bxg5+ Rxg5 28. f4 Rh5 29. h4) 27. h4 $18) 26... Kxf7 27. c4 $16 Rd8 28. Rce1 g5 29. Be3 Be5 30. Kd3 f4 31. Bd2 Kg6 32. c5 fxg3 33. fxg3 Rc8 34. cxd6 g4 35. Re2 Kg7 36. d7 Rd8 37. Rxe5 Rxe5 38. Bc3 Kf6 39. Rf1+ Ke7 40. Bxe5 Rxd7 41. Ke4 b5 42. d6+ Ke8 43. Kd5 a5 44. Kc6 b4 45. Rf8+ Kxf8 46. Kxd7 a4 47. Kc8 b3 48. axb3 axb3 49. d7 1-0

[Event "2nd Silman TNM: 1600-1999"]
[Site "San Francisco"]
[Date "2025.05.20"]
[Round "3.22"]
[White "Zhanaidarov, Orynbay"]
[Black "Touset, Stephen"]
[Result "0-1"]
[WhiteElo "1639"]
[BlackElo "1545"]
[PlyCount "84"]
[GameId "2180539581698306"]
[EventDate "2025.??.??"]

1. e4 c5 2. Nf3 Nc6 3. d4 cxd4 4. Nxd4 g6 5. f3 Bg7 6. c3 Nf6 7. Be3 O-O 8. Qd2 d5 9. Nxc6 bxc6 10. e5 Nd7 11. f4 Nb6 12. Na3 f6 13. exf6 exf6 14. O-O-O Bf5 15. Bd3 Be4 16. Rhg1 f5 17. g4 fxg4 18. Bxe4 dxe4 19. Qg2 Qe7 20. Qxg4 Bxc3 21. Bxb6 Bxb2+ 22. Kxb2 axb6 23. Qh3 Rxf4 24. Qb3+ Kf8 25. Rgf1 Qf6+ 26. Qc3 Qxc3+ 27. Kxc3 Rxa3+ 28. Kb2 Raf3 29. Rxf3 exf3 30. Rf1 Kg7 31. Kc3 g5 32. h3 h5 33. Kd3 g4 34. Ke3 Rf5 35. hxg4 hxg4 36. Kf2 Kf6 37. Rd1 g3+ 38. Kxg3 f2 39. Rf1 Ke5 40. Rxf2 Rxf2 41. Kxf2 Kd4 42. Ke2 Kc3 0-1

[Event "2nd Silman TNM: 1600-1999"]
[Site "San Francisco"]
[Date "2025.05.20"]
[Round "3.23"]
[White "Pickering, Carl Anthony"]
[Black "Krezanoski, Paul"]
[Result "1-0"]
[WhiteElo "1621"]
[BlackElo "1495"]
[PlyCount "63"]
[GameId "2180539581698307"]
[EventDate "2025.??.??"]

1. d4 d5 2. e4 e6 3. Be3 dxe4 4. f3 exf3 5. Nxf3 Nf6 6. Bd3 Bd6 7. O-O b6 8. Nbd2 Bb7 9. Qe1 Nbd7 10. Nc4 Be7 11. Rd1 Nd5 12. Bd2 N7f6 13. Nce5 c6 14. Ng5 Rf8 15. a3 h6 16. Nxe6 Qd6 17. Nxf8 Kxf8 18. Qf2 Bc8 19. c3 c5 20. Nc4 Qc7 21. Ne3 Bd6 22. Nxd5 Bxh2+ 23. Kh1 Nxd5 24. Be4 Be6 25. c4 Bg3 26. Qf3 Nf6 27. Bxa8 Bg4 28. Qd3 cxd4 29. Bf3 Qe5 30. Bxg4 Nxg4 31. Qf5 Bf2 32. Rxf2 1-0

[Event "2nd Silman TNM: 1600-1999"]
[Site "San Francisco"]
[Date "2025.05.20"]
[Round "3.24"]
[White "Schaezlein, Charlie"]
[Black "Dutter, Frederic"]
[Result "0-1"]
[WhiteElo "1506"]
[BlackElo "1900"]
[PlyCount "60"]
[GameId "2180539581698308"]
[EventDate "2025.??.??"]

{[%evp 0,60,11,28,45,48,41,57,70,41,30,23,17,46,78,78,43,101,128,79,183,99,109,132,109,55,26,10,57,-174,-159,-147,-134,-209,-181,-159,-130,-134,25,15,27,27,61,25,80,6,-1,-46,-1,-163,-172,-381,-298,-493,-728,-562,-649,-586,-261,-1072,-1039,-29999,-29999]} 1. e4 Nf6 2. e5 Nd5 3. d4 d6 4. c4 Nb6 5. f4 dxe5 6. fxe5 c5 7. d5 e6 8. Nc3 exd5 9. cxd5 c4 10. d6 Be6 11. Nf3 Nc6 12. Nb5 Rc8 13. Bg5 Qd7 14. Nc7+ Rxc7 15. dxc7 Qxc7 16. Bd2 Bc5 17. Qc2 Nxe5 18. O-O-O Nd3+ 19. Bxd3 cxd3 20. Qxd3 O-O 21. Kb1 Rd8 22. Qe4 Rd5 23. Bf4 Qd7 24. Qe2 Qa4 25. Rxd5 Bxd5 26. Qe5 Qxa2+ 27. Kc2 Bb3+ 28. Kc3 Na4+ 29. Kd3 Nxb2+ 30. Ke4 Bc2# 0-1

[Event "2nd Silman TNM: 1600-1999"]
[Site "San Francisco"]
[Date "2025.05.20"]
[Round "3.25"]
[White "Agdamag, Samuel"]
[Black "Ochoa, Jason B"]
[Result "0-1"]
[WhiteElo "1512"]
[BlackElo "1643"]
[PlyCount "68"]
[GameId "2180539581698309"]
[EventDate "2025.??.??"]

1. c4 e5 2. Nc3 Nf6 3. d3 Bb4 4. Qb3 Nc6 5. Nf3 O-O 6. a3 Ba5 7. Bd2 Nd4 8. Nxd4 exd4 9. Nb1 Bxd2+ 10. Nxd2 d5 11. g3 Re8 12. Bg2 Qe7 13. Bf3 dxc4 14. Qxc4 Bh3 15. Rg1 Bg4 16. Bxg4 Nxg4 17. Ne4 Rad8 18. h3 Ne5 19. Qc5 Nxd3+ 20. exd3 Qxc5 21. Kd2 Rxe4 22. dxe4 d3 23. Rac1 Qxf2+ 24. Kc3 d2 25. Rcd1 b5 26. Kc2 Qe3 27. Kb1 Qxe4+ 28. Ka1 Qc2 29. Ka2 a5 30. g4 g6 31. h4 b4 32. h5 bxa3 33. Kxa3 Rd4 34. b3 a4 0-1

[Event "2nd Silman TNM: 1600-1999"]
[Site "San Francisco"]
[Date "2025.05.20"]
[Round "3.26"]
[White "Siegel, David"]
[Black "Chan, John"]
[Result "1/2-1/2"]
[Annotator "Siegel,David"]
[WhiteElo "1462"]
[BlackElo "1601"]
[PlyCount "130"]
[GameId "2180539581698310"]
[EventDate "2025.??.??"]

1. e4 c6 2. d4 d6 3. Nf3 Bg4 4. Be2 Bxf3 5. Bxf3 Nd7 6. Bg5 h6 7. Bh4 g5 8. Bg3 Bg7 9. c3 Nb6 10. h4 e6 11. hxg5 hxg5 12. Rxh8 Bxh8 13. d5 exd5 14. exd5 Qe7+ 15. Kf1 c5 16. a4 Nh6 17. a5 Nd7 18. Nd2 Nf6 19. Qa4+ Kf8 20. Re1 Qc7 21. Nc4 Nf5 22. Bh2 Re8 {A battle is being fought over the d6 pawn. After 22... Re8 White had an opportunity to win that battle, but I missed g4.} 23. Rxe8+ Nxe8 24. Qc2 Nh4 25. Bh5 Kg7 26. Qe2 Qd7 {I thought for a long time in this position and the previous one. The Black king looks unsafe and the Black pieces look somewhat loose and on the edges of the board, but I couldn't find aren't any immediate tactics. It looked like a queen trade would lead to the capture of the d6 pawn and a winning endgame, so I decided to go for it.} 27. Qg4 Qxg4 28. Bxg4 f5 29. Bd1 f4 30. g3 fxg3 31. fxg3 Nf5 32. g4 Ne7 33. Nxd6 Nxd6 34. Bxd6 Nxd5 35. Bxc5 b6 36. axb6 Nxb6 37. Bd4+ Kg8 38. Bb3+ Kh7 39. Bc2+ Kg8 40. Bxh8 Kxh8 41. b3 Nd5 {I saw that b3 was a blunder as soon as I let go of the piece. I tried not to react, but my opponent found Nd5 pretty quickly. The score swings from totally winning for White to drawn with best play.} 42. Ke2 Nxc3+ 43. Kd3 Nd5 44. Kd4 Nf6 45. Bf5 Kg7 46. Ke5 Ne8 47. Ke6 Kf8 48. Bg6 Nc7+ 49. Kf6 a5 50. Kxg5 Kg7 51. Bc2 Nd5 52. Be4 Nc3 53. Bc6 Ne2 54. Bf3 Nd4 55. Bd1 Nb5 56. Kf5 Nc3 57. Bc2 Nb5 58. Ke5 Nc3 59. Kd4 Ne2+ 60. Kc5 Kf6 61. Kb6 Nd4 62. Bd1 Kg5 {My opponent has defended with tenacity. Even though I manage to capture both of the Black pawns, I cannot defend both of the White pawns at the same time, and the game is clearly drawn.} 63. Kxa5 Nxb3+ 64. Kb4 Nd4 65. Kc4 Ne6 1/2-1/2

[Event "2nd Silman TNM: u1600"]
[Site "San Francisco"]
[Date "2025.05.20"]
[Round "3.27"]
[White "Wickliffe, Zachary"]
[Black "Fitzgerald, William"]
[Result "1/2-1/2"]
[Annotator "Winslow,Elliott"]
[WhiteElo "1347"]
[BlackElo "1263"]
[PlyCount "145"]
[GameId "2180539581698311"]
[EventDate "2025.??.??"]

1. e4 e5 2. Nc3 Nc6 3. Bc4 d6 4. Nge2 Be7 5. d3 Bg4 6. Be3 Nf6 7. f3 Bd7 8. Qd2 Na5 9. O-O-O {[#]} Nxc4 $2 (9... c6 $1 10. a4 O-O (10... a6 $5) (10... Rb8 $5 11. Ba2 (11. Bxa7 $2 Ra8 12. Bf2 b5 13. Ba2 b4 14. Nb1 c5 $19)) 11. g4 Be6 $11) 10. dxc4 Be6 11. Nd5 Nd7 (11... Nxd5 12. cxd5 Bd7 $14) 12. Qa5 $6 (12. Kb1 $16) (12. g4 $16) (12. b3 $16) 12... Nb6 $4 {[#]} (12... Bxd5 13. cxd5 Bg5 14. Qd2 Bxe3 15. Qxe3 O-O $14) 13. c5 $4 {[#]} (13. Bxb6 $1 $18 cxb6 14. Qa4+ Kf8 (14... Qd7 $6 15. Nc7+) (14... Bd7 15. Qa3 Bc6 16. Nec3) 15. Qa3 Bxd5 16. Rxd5 $18) 13... Nc4 $4 (13... Nxd5 14. exd5 Bd7 $11 {as in: "0.00"}) 14. Qa4+ c6 15. Qxc4 cxd5 16. exd5 Bf5 17. g4 Bg6 18. Qa4+ (18. h4 h6 19. Qa4+) 18... Qd7 {[#]} (18... Kf8 19. f4 exf4 20. Nxf4 Kg8 21. c6) 19. Qxd7+ $4 (19. c6 $1 bxc6 20. dxc6 Qc7 21. b4 $1 O-O 22. Nc3 {[%csl Gc6][%cal Gc3d5]}) 19... Kxd7 20. cxd6 Bxd6 21. h4 Rhc8 22. Nc3 h6 23. Rhf1 b5 24. Rf2 b4 (24... a6 $5) 25. Ne4 {[#]} (25. Na4 $5) 25... b3 $4 (25... f6 $14 {only! (on the high side at first but it drops, +0.36/32)}) 26. axb3 $18 Rab8 27. Rd3 (27. Nxd6 $1 Kxd6 28. h5 Bh7 29. f4 $1 f6 30. fxe5+ fxe5 31. c4 $1 Rxb3 32. c5+ {looks risky but is computer-best}) 27... Be7 28. h5 Bh7 29. c4 a6 30. Rc2 g6 {[#]} 31. c5 gxh5 32. c6+ Kc7 33. d6+ Bxd6 34. Rxd6 Rxb3 $6 (34... Rd8 35. Rf6 Bg6 36. gxh5 Bxh5 37. Nc5 Rb6 38. Rh2 $1 Bg6 39. Rxg6) 35. Rd7+ {#7} Kb8 36. c7+ Kb7 37. Nc5+ $2 (37. Nd6+ {and #4}) 37... Kc6 38. Nxb3+ Kxd7 39. Rc3 hxg4 40. fxg4 (40. Nc5+ Kd6 41. Nxa6 {[%csl Gc7]}) 40... Rxc7 41. Nc5+ Kd6 42. Nxa6 Rxc3+ 43. bxc3 Bd3 44. Nb4 Be2 45. Bxh6 Bxg4 {[#] White is winning -- but he better know how to checkmate with bishop and knight!} 46. Kd2 f5 47. Bg7 f4 48. Nd3 f3 49. Nxe5 $4 (49. Bxe5+) (49. c4) (49. Ke3) 49... Bh5 $4 (49... f2 $1 50. Nc4+ Kd5 $1 51. Ne3+ Ke4 $1 {everything is drawn.} 52. c4 Bh5 (52... Bd1 $1 {even})) 50. Ke3 $18 {(back to quite lost)} Kc5 51. Nxf3 Bf7 52. Bd4+ Kd6 53. Kf4 Kc7 54. Ke5 Bc4 55. Bc5 Bg8 56. Nd4 Bc4 57. Bd6+ Kb6 58. Ne6 Kc6 59. Nf4 Kb6 {(Here both scoresheets show White's 60th move as: 60.Nd2. For those who wish to see the remaining moves after that:  60.Nd2 Bf7 61.c4 Bxc4 62.Nxc4 Kb5 63.Kd5 Ka4 64.Kf4 Kb5 65. Ne5 Kb6 66. Kc4 Kb7 67.Kc6 Kc8 68.Kc6 Kd8 69.Bc5 Ke8 70.Kd6 Kd8 71. Nf7+ Ke8 1/2-1/2.} {If you must see it on the board (if you're looking at this on a computer with the .pgn file), here is a "transposition" to the game:} 60. Ng2 Bb5 61. Ne3 Bd3 62. c4 Bxc4 63. Nxc4+ {(Same position with an extra move)} Kb5 64. Kd5 Ka4 65. Kd4 Kb5 66. Ne5 Kb6 67. Kc4 Kb7 68. Kc5 Kc8 69. Kc6 Kd8 70. Bc5 Ke8 71. Kd6 Kd8 72. Nf7+ Ke8 {[#] (it's mate in 18, after any of the three knight moves} {But: I'm guessing that White played the less-than-optimal} 73. Ke6 $4 {which is stalemate!} (73. Ne5) (73. Nh6) (73. Nh8 {(!)}) (73. Ng5 $6 {and this is #20}) 1/2-1/2